| 000 | 00729nam a2200253 a 4500 | ||
|---|---|---|---|
| 001 | BRCA_5643 | ||
| 005 | 20190320205150.0 | ||
| 008 | 220211t1926----u--a######---#000-0#eng-# | ||
| 041 | _aeng | ||
| 044 | _au | ||
| 050 | 4 |
_aF1435.3 _b.T68 1926 |
|
| 100 | 1 |
_aTotten, George Oakley _914353 |
|
| 245 | 1 | 0 |
_aMaya Architecture _cGeorge Oakley Totten. |
| 260 |
_aWashington, D.C. _bThe Maya _cc1926 |
||
| 300 |
_a250 p. _bil. (algunas a color), 104 láminas _c41 cm. |
||
| 500 | _aEdición con cantos dorados | ||
| 500 | _aF121 | ||
| 650 | 1 | 4 |
_aArquitectura maya _9623 |
| 650 | 1 | 4 |
_aMayas _xAntigüedades _99555 |
| 650 | 1 | 4 |
_aArquitectura _zMéxico _9596 |
| 651 | 4 |
_aYucatán _xAntigüedades _99121 |
|
| 902 | _aGFM | ||
| 942 |
_2lcc _cB |
||
| 999 |
_c5337 _d5337 |
||